Welcome to the Holygrace Academy Library

Please use search bar below to get started

THE ROOM OF MANY COLOURS (Record no. 2628)

MARC details
000 -LEADER
fixed length control field 00327nam a22001337a 4500
020 ## - INTERNATIONAL STANDARD BOOK NUMBER
ISBN 978-0-143-33337-1
082 ## - DEWEY DECIMAL CLASSIFICATION NUMBER
Classification number 823
Item number BON/R
100 ## - MAIN ENTRY--AUTHOR NAME
Personal name BOND, RUSKIN
245 ## - TITLE STATEMENT
Title THE ROOM OF MANY COLOURS
260 ## - PUBLICATION, DISTRIBUTION, ETC. (IMPRINT)
Place of publication UNITED KINGDOM
Name of publisher PUFFIN BOOKS
Year of publication 2009
300 ## - PHYSICAL DESCRIPTION
Number of Pages 387
650 ## - SUBJECT ADDED ENTRY--TOPICAL TERM
Topical Term CHILDRENS STORY BOOK
Geographic subdivision UNITED KINGDOM
942 ## - ADDED ENTRY ELEMENTS (KOHA)
Koha item type Books
Holdings
Withdrawn status Lost status Collection code Home library Current library Shelving location Date acquired Source of acquisition Cost, normal purchase price Full call number Accession Number Koha item type
    Fiction Main Library Main Library SHELF-14B -ALPHABETICAL -B--ENGLISH NOVELS & FICTIONS 07/11/2016 purchase 299.00 823 BON/R 09817 Books